| 000 | 00902cam a22002054a 4500 | ||
|---|---|---|---|
| 005 | 20250605164009.0 | ||
| 008 | 250528s ||||||||||||||||||||||||d | ||
| 035 | _a15910 | ||
| 020 | _a33392097 | ||
| 040 |
_aGR-AtMCL _bgre _dGR-AtMCL _eAACR2 |
||
| 245 | 1 | _aComputer Graphics with Java / Glassroots Series | |
| 250 | _a1st | ||
| 260 |
_bPalgrave Macmillan, _c2001 |
||
| 300 | _a336 | ||
| 520 | _aA comprehensive introduction to the graphical capabilities of the core Java language (which now includes Java 2D) and its add-on, Java 3D. Preface, Two-Dimensional Graphics, Two-Dimensional Transformations, The Java 2D Packages, Three-Dimensional Graphics: Projections and Transformations, Java 3D-The Basics, Creating Geometry in Java 3D, Surface Rendering and Lighting, Interaction and Animation, Index. | ||
| 700 | 1 |
_aRowe W. Glenn _91945 |
|
| 942 | _cBK | ||
| 999 |
_c1458 _d1458 |
||